00326nam a2200133Ia 4500003000400000005001700004008004100021020001900062040002800081100002100109245004000130260001400170300000800184OSt20240322152648.0170523s9999 xx 000 0 und d a978-0874254983 cIIMT UNIVERSITY, MEERUT aLAMBERT, JANAMAY 0a50 ACTIVITIES FOR CONFLIOT RESOURCE bPHIc2003 a163